<?xml version="1.0" encoding="UTF-8"?>
<record
    xmlns:xsi="http://www.w3.org/2001/XMLSchema-instance"
    xsi:schemaLocation="http://www.loc.gov/MARC21/slim http://www.loc.gov/standards/marcxml/schema/MARC21slim.xsd"
    xmlns="http://www.loc.gov/MARC21/slim">

  <leader>00648nam a22002057a 4500</leader>
  <controlfield tag="005">20160609165349.0</controlfield>
  <controlfield tag="008">100206t        xxu||||| |||| 00| 0 eng d</controlfield>
  <datafield tag="020" ind1=" " ind2=" ">
    <subfield code="a">2-11-001709-0</subfield>
    <subfield code="c">Don</subfield>
  </datafield>
  <datafield tag="040" ind1=" " ind2=" ">
    <subfield code="a">BUAC</subfield>
    <subfield code="b">Fre.</subfield>
    <subfield code="c">BUC</subfield>
  </datafield>
  <datafield tag="041" ind1=" " ind2=" ">
    <subfield code="a">Fre.</subfield>
  </datafield>
  <datafield tag="082" ind1=" " ind2=" ">
    <subfield code="a">178.1</subfield>
  </datafield>
  <datafield tag="100" ind1=" " ind2=" ">
    <subfield code="a">Mos&#xE8;s, Carole</subfield>
    <subfield code="9">3461</subfield>
  </datafield>
  <datafield tag="245" ind1=" " ind2=" ">
    <subfield code="a">Alcolisme et infractions contre les personnes</subfield>
    <subfield code="b">Prix Robert debre 1984</subfield>
  </datafield>
  <datafield tag="260" ind1=" " ind2=" ">
    <subfield code="a">Paris</subfield>
    <subfield code="b">Ed. Documentation Fran&#xE7;aise</subfield>
    <subfield code="c">1986</subfield>
  </datafield>
  <datafield tag="300" ind1=" " ind2=" ">
    <subfield code="a">465p.</subfield>
    <subfield code="c">24 cm</subfield>
  </datafield>
  <datafield tag="504" ind1=" " ind2=" ">
    <subfield code="a">bibliographie PP. 436 - 456</subfield>
  </datafield>
  <datafield tag="610" ind1=" " ind2=" ">
    <subfield code="a">Haut Comit&#xE9; d'Etude et d'Information sur l'Alcolisme</subfield>
    <subfield code="9">3462</subfield>
  </datafield>
  <datafield tag="650" ind1=" " ind2=" ">
    <subfield code="a">Droit p&#xE9;nal : alcolisme</subfield>
    <subfield code="9">3463</subfield>
  </datafield>
  <datafield tag="942" ind1=" " ind2=" ">
    <subfield code="c">LIVR</subfield>
  </datafield>
  <datafield tag="999" ind1=" " ind2=" ">
    <subfield code="c">46907</subfield>
    <subfield code="d">46907</subfield>
  </datafield>
  <datafield tag="952" ind1=" " ind2=" ">
    <subfield code="0">0</subfield>
    <subfield code="1">0</subfield>
    <subfield code="4">0</subfield>
    <subfield code="7">0</subfield>
    <subfield code="a">BUAC</subfield>
    <subfield code="b">BUAC</subfield>
    <subfield code="d">0000-00-00</subfield>
    <subfield code="e">Don du projet Lecture publique</subfield>
    <subfield code="l">0</subfield>
    <subfield code="o">178.1 MOS</subfield>
    <subfield code="r">2010-02-06 00:00:00</subfield>
    <subfield code="t">1</subfield>
    <subfield code="w">2010-02-06</subfield>
    <subfield code="y">LIVR</subfield>
  </datafield>
</record>
